000 00554nam a2200193Ia 4500
005 20250508162247.0
008 008 250505s9999 xx 000 0 hin d
037 _aTextual
040 _aFEDL
_beng
_cFEDL
041 _ahin
_2eng
084 _a181.044, ATM
_qFEDL
100 _aAtma Ram Jee Mharaj
_9772674
245 0 _aJain yoga : Siddhant aur sadhana
260 _aPunjab, India
_bAtma Gyan Peeth
_c1983
300 _a422p.
650 _aOriental Philosophy
_9755543
942 _cTEXL
_h181.044, ATM
999 _c1375430
_d1375430